Normal view MARC view
  • GUPTA, DR. MAHESH KUMAR , JAIMINI MANISH AND PANDEY VIKASH

Entry Personal Name

Number of records used in: 1

001 - CONTROL NUMBER

  • control field: 8264

003 - CONTROL NUMBER IDENTIFIER

  • control field: JRU

005 - DATE AND TIME OF LATEST TRANSACTION

  • control field: 20240106161826.0

008 - FIXED-LENGTH DATA ELEMENTS

  • fixed length control field: 240106|| aca||aabn | a|a d

040 ## - CATALOGING SOURCE

  • Original cataloging agency: JRU
  • Transcribing agency: JRU

100 ## - HEADING--PERSONAL NAME

  • Personal name: GUPTA, DR. MAHESH KUMAR , JAIMINI MANISH AND PANDEY VIKASH

670 ## - SOURCE DATA FOUND

  • Source citation: Work cat.: (JRU)7875: GUPTA, DR. MAHESH KUMAR , JAIMINI MANISH AND PANDEY VIKASH, A TEXT BOOK OF ENVIRONMENTAL SCIENCES